Clases de Religión, ¿para qué?: 100 preguntas sobre educación religiosa escolar católica

Guardat en:
Dades bibliogràfiques
Autor principal: Díaz T., Javier (Autor)
Format: Llibre
Idioma:espanyol
Publicat: Santiago Equipo de Evangelización y Catequesis Congregación Salesiana 2006
Edició:1a. ed
Col·lecció:Serie EDEC, 3
Matèries:
Etiquetes: Afegir etiqueta
Sense etiquetes, Sigues el primer a etiquetar aquest registre!

MARC

LEADER 00000nam a2200000 a 4500
001 UCJ0416
003 CL-VaPUC
008 060804e20060000CL |||||||||||||||||spa|d
082 0 4 |a 372.84  |b DIA  |2 21 
100 0 |a Díaz T., Javier  |e author  |9 500602 
245 1 0 |a Clases de Religión, ¿para qué?: 100 preguntas sobre educación religiosa escolar católica 
250 |a 1a. ed 
300 |a 110 p 
942 |c BK 
945 |d 20060804 00:00:00  |a cmena 
260 |a Santiago  |b Equipo de Evangelización y Catequesis Congregación Salesiana  |c 2006 
650 0 |a Educación religiosa   |9 308312 
650 0 |a Educación básica   |9 224933 
650 0 |a Planificación del currículo  |9 269599 
650 0 |a Métodos de enseñanza  |9 270413 
650 0 |a Catolicismo  |9 258690 
583 |a last modification  |c 20130305 04:47:15  |k Rodrigo Vera 
490 0 |a Serie EDEC, 3 
999 |c 317272  |d 317270 
952 |0 0  |1 0  |4 0  |6 372_840000000000000_DIA_2006  |7 0  |8 A  |9 393338  |a BIBTEO  |b BIBTEO  |d 2019-11-22  |i 4258193  |o 372.84 DIA 2006  |p 4258193  |r 2025-01-17  |w 2019-11-22  |y BK  |k ICR 
952 |0 0  |1 0  |4 0  |6 372_840000000000000_DIA_2006  |7 0  |8 A  |9 393339  |a BIBTEO  |b BIBTEO  |d 2019-11-22  |i 4258207  |o 372.84 DIA 2006  |p 4258207  |r 2025-01-17  |w 2019-11-22  |y BK  |k ICR 
952 |0 0  |1 0  |4 0  |6 372_840000000000000_DIA_2006  |7 0  |8 A  |9 393340  |a BIBTEO  |b BIBTEO  |d 2019-11-22  |i 4258215  |o 372.84 DIA 2006  |p 4258215  |r 2025-01-17  |w 2019-11-22  |y BK  |k ICR 
952 |0 0  |1 0  |4 0  |6 372_840000000000000_DIA_2006  |7 0  |8 A  |9 393341  |a BIBTEO  |b BIBTEO  |d 2019-11-22  |i 4258223  |o 372.84 DIA 2006  |p 4258223  |r 2025-01-17  |w 2019-11-22  |y BK  |k ICR 
952 |0 0  |1 0  |4 0  |6 372_840000000000000_DIA_2006  |7 0  |8 A  |9 393342  |a BIBTEO  |b BIBTEO  |d 2019-11-22  |i 4258231  |o 372.84 DIA 2006  |p 4258231  |r 2025-01-17  |w 2019-11-22  |y BK  |k ICR